[Event "Titled Tuesday intern op 19th Jan"]
[Site "Chess.com INT"]
[Date "2021.01.19"]
[Round "8"]
[White "Castaneda, Nelson"]
[Black "Kaiyrbekov, Rustam"]
[Result "1-0"]
[WhiteElo "2241"]
[BlackElo "2338"]
[PlyCount "53"]
[EventDate "2021.01.19"]
[EventType "swiss (blitz)"]
[EventRounds "11"]
[EventCountry "USA"]
[SourceTitle "CBM 200 Extra"]
[Source "ChessBase"]
[SourceDate "2021.03.31"]
[SourceVersion "1"]
[SourceVersionDate "2021.03.31"]
[SourceQuality "1"]

1. e4 c5 2. Nf3 Nc6 3. a3 d6 4. h3 g6 5. Bc4 Bg7 6. 0-0 Nf6 7. d3 0-0 8. Ng5 a6 9. f4 b5 10. Ba2 e5 11. f5 Nh5 12. Bd5 Bd7 13. fxg6 hxg6 14. Nxf7 Qh4 15. Bg5 Qg3 16. Rf3 Qxf3 17. Qxf3 Kh7 18. Nc3 Ra7 19. Rf1 Be8 20. Qg4 Bxf7 21. Bxc6 c4 22. Bd5 Bxd5 23. Nxd5 Raf7 24. Rxf7 Rxf7 25. Qe6 Rf8 26. Ne7 Ng3 27. Qxg6+ 1-0

[Event "Titled Tuesday intern op 19th Jan"]
[Site "Chess.com INT"]
[Date "2021.01.19"]
[Round "4"]
[White "Navrotescu, Andreea Cristiana"]
[Black "Castaneda, Nelson"]
[Result "1-0"]
[WhiteElo "2247"]
[BlackElo "2241"]
[PlyCount "157"]
[EventDate "2021.01.19"]
[EventType "swiss (blitz)"]
[EventRounds "11"]
[EventCountry "USA"]
[SourceTitle "CBM 200 Extra"]
[Source "ChessBase"]
[SourceDate "2021.03.31"]
[SourceVersion "1"]
[SourceVersionDate "2021.03.31"]
[SourceQuality "1"]

1. d4 d5 2. c4 c6 3. Nf3 Nf6 4. Qc2 e6 5. g3 c5 6. dxc5 Bxc5 7. cxd5 Qb6 8. e3 exd5 9. Bg2 Nc6 10. 0-0 0-0 11. a3 a5 12. Nc3 Be7 13. Rd1 Bg4 14. h3 Bh5 15. g4 Bg6 16. Qe2 Rad8 17. Nd4 Rfe8 18. Ncb5 Bc5 19. Qf1 h6 20. Bd2 Ne4 21. Bc3 Nxc3 22. bxc3 Ne5 23. a4 Nc4 24. Ra2 Be4 25. Kh1 h5 26. Re2 Qh6 27. Kg1 hxg4 28. hxg4 Qh4 29. f3 Bg6 30. Qf2 Qe7 31. Rde1 Qd7 32. Qg3 Bd3 33. Rf2 Nb6 34. f4 Bc4 35. f5 f6 36. g5 fxg5 37. Qxg5 Qe7 38. Qg6 Qf7 39. Qg3 Re7 40. f6 Ree8 41. fxg7 Qxg7 42. Nf5 Qxg3 43. Nxg3 Kg7 44. Nf5+ Kg6 45. Nbd4 Re5 46. Rf3 Rg8 47. Rg3+ Kh7 48. Rh3+ Kg6 49. Rg3+ Kh7 50. Rxg8 Kxg8 51. Bh3 Bxd4 52. cxd4 Re4 53. Bg2 Re8 54. Nd6 Rd8 55. Nxb7 Rd7 56. Nc5 Rc7 57. Kf2 Nd7 58. Rg1 Kf8 59. Nxd7+ Rxd7 60. Bh3 Rf7+ 61. Ke1 Rg7 62. Rxg7 Kxg7 63. Kd2 Kf6 64. Kc3 Ke7 65. Bg2 Kd6 66. e4 Kc6 67. e5 Kd7 68. Bh3+ Ke7 69. Bc8 Ba2 70. Bb7 Bc4 71. Bc6 Ke6 72. Bb5 Kf5 73. Bxc4 dxc4 74. Kxc4 Ke6 75. Kc5 Ke7 76. Kc6 Kd8 77. d5 Ke7 78. d6+ Ke6 79. d7 1-0

[Event "Manhattan op"]
[Site "New York"]
[Date "2011.08.18"]
[Round "2"]
[White "Kacheishvili, Giorgi"]
[Black "Castaneda, Nelson"]
[Result "1-0"]
[WhiteElo "2582"]
[BlackElo "2229"]
[PlyCount "119"]
[EventDate "2011.08.17"]
[EventType "swiss"]
[EventRounds "9"]
[EventCountry "USA"]
[SourceTitle "CBM 143 Extra"]
[Source "ChessBase"]
[SourceDate "2011.08.29"]
[SourceVersion "1"]
[SourceVersionDate "2011.08.29"]
[SourceQuality "1"]

1. d4 Nf6 2. c4 g6 3. Nc3 Bg7 4. e4 d6 5. Nf3 0-0 6. Be2 e5 7. 0-0 Nc6 8. d5 Ne7 9. Ne1 Ne8 10. Be3 f5 11. f3 f4 12. Bf2 g5 13. c5 Rf6 14. Nd3 h5 15. Kh1 Rg6 16. Rg1 Nf6 17. g3 fxg3 18. Rxg3 Kh7 19. Be3 Bh6 20. Qd2 h4 21. Rgg1 Nh5 22. b4 Bd7 23. b5 b6 24. c6 Be8 25. Bf1 Nf4 26. Nxf4 gxf4 27. Bf2 Rxg1+ 28. Bxg1 Bh5 29. Qe2 Qc8 30. Nd1 a6 31. bxa6 Qxa6 32. a4 Qa5 33. Bf2 Qb4 34. Bxh4 Qb3 35. Bg2 Ng6 36. Be1 Rxa4 37. Rxa4 Qxa4 38. Nc3 Qa1 39. Qd1 Qxd1 40. Nxd1 Bg5 41. Nc3 Nh4 42. Bxh4 Bxh4 43. Kg1 Kg6 44. Kf1 Bd8 45. Ke2 Kf7 46. Kd3 Ke8 47. Nb5 Ke7 48. Kc4 Kf6 49. Nc3 Kg5 50. Kb5 Kh4 51. Ka6 Bxf3 52. Bxf3 Kh3 53. Kb7 Kxh2 54. Ne2 b5 55. Kc8 Bh4 56. Kxc7 b4 57. Kxd6 b3 58. c7 b2 59. Nc3 Be1 60. Nb1 1-0

[Event "US Open-110"]
[Site "Indianapolis"]
[Date "2009.08.08"]
[Round "8"]
[White "Castaneda, Nelson"]
[Black "Kraai, Jesse"]
[Result "0-1"]
[WhiteElo "2282"]
[BlackElo "2498"]
[PlyCount "70"]
[EventDate "2009.08.01"]
[EventType "swiss"]
[EventRounds "9"]
[EventCountry "USA"]
[SourceTitle "CBM 131 Extra"]
[Source "ChessBase"]
[SourceDate "2009.09.03"]
[SourceVersion "2"]
[SourceVersionDate "2009.09.16"]
[SourceQuality "1"]

1. e4 e6 2. d4 d5 3. e5 c5 4. c3 Nc6 5. Nf3 Qb6 6. a3 Nh6 7. b4 cxd4 8. cxd4 Nf5 9. Bb2 Bd7 10. g4 Nfe7 11. Nc3 Ng6 12. h4 h5 13. g5 Rc8 14. Na4 Qd8 15. Rc1 a5 16. b5 Nce7 17. Nc3 Qb6 18. Qd2 Nf5 19. Na4 Rxc1+ 20. Qxc1 Qd8 21. Bd3 Be7 22. Qc2 Nf4 23. Bxf5 exf5 24. Bc1 Ng6 25. Qb3 0-0 26. Bd2 f4 27. Ng1 Qc7 28. Nc3 Qc4 29. Qxc4 dxc4 30. a4 Bf5 31. Nge2 Rd8 32. Bxf4 Nxf4 33. Nxf4 Bb4 34. Nfe2 Rxd4 35. Kf1 Rd3 0-1

[Event "US Open-110"]
[Site "Indianapolis"]
[Date "2009.08.06"]
[Round "6"]
[White "Hollinberger, Drew D"]
[Black "Castaneda, Nelson"]
[Result "0-1"]
[WhiteElo "1960"]
[BlackElo "2282"]
[PlyCount "58"]
[EventDate "2009.08.01"]
[EventType "swiss"]
[EventRounds "9"]
[EventCountry "USA"]
[SourceTitle "CBM 131 Extra"]
[Source "ChessBase"]
[SourceDate "2009.09.03"]
[SourceVersion "2"]
[SourceVersionDate "2009.09.16"]
[SourceQuality "1"]

1. e4 e6 2. d3 d5 3. Qe2 Nf6 4. Nf3 Be7 5. g3 c5 6. Bg2 Nc6 7. 0-0 0-0 8. e5 Nd7 9. c4 d4 10. h4 Rb8 11. Re1 b5 12. cxb5 Rxb5 13. Na3 Rb8 14. Nc4 Ba6 15. Nfd2 Nb4 16. Rf1 Nb6 17. Be4 Nxc4 18. dxc4 d3 19. Qg4 Kh8 20. Nf3 Bxc4 21. Qh5 g6 22. Qh6 Rg8 23. Ng5 Rg7 24. h5 Kg8 25. Kg2 d2 26. Bxd2 Bxf1+ 27. Kxf1 Qxd2 28. f4 Nd3 29. Bxd3 Rxb2 0-1

[Event "US Open-110"]
[Site "Indianapolis"]
[Date "2009.08.02"]
[Round "2"]
[White "Danlag, Donald M"]
[Black "Castaneda, Nelson"]
[Result "0-1"]
[WhiteElo "2074"]
[BlackElo "2282"]
[PlyCount "88"]
[EventDate "2009.08.01"]
[EventType "swiss"]
[EventRounds "9"]
[EventCountry "USA"]
[SourceTitle "CBM 131 Extra"]
[Source "ChessBase"]
[SourceDate "2009.09.03"]
[SourceVersion "2"]
[SourceVersionDate "2009.09.16"]
[SourceQuality "1"]

1. c4 Nf6 2. Nc3 g6 3. g3 Bg7 4. Bg2 0-0 5. Nf3 d6 6. 0-0 c5 7. d4 Nc6 8. dxc5 dxc5 9. Be3 Nd7 10. Qc1 Re8 11. Rd1 Qa5 12. Bd2 Nd4 13. Nxd4 cxd4 14. Nd5 Qd8 15. Bh6 Bh8 16. Bg5 Nc5 17. b4 Ne6 18. Bd2 Bd7 19. Qa3 Nc7 20. Rac1 Bc6 21. e4 e6 22. Nxc7 Qxc7 23. b5 Bd7 24. Bb4 e5 25. Bd6 Qd8 26. Qb4 Bg7 27. c5 a5 28. Qb2 Bg4 29. f3 Be6 30. a4 h5 31. Qa3 h4 32. f4 hxg3 33. hxg3 exf4 34. gxf4 Bg4 35. Re1 Qh4 36. Qd3 Rad8 37. e5 b6 38. cxb6 Rxd6 39. exd6 Rxe1+ 40. Rxe1 Qxe1+ 41. Kh2 Qe6 42. b7 Qxd6 43. Qe4 Be6 44. Kh1 Bh6 0-1

[Event "Canadian op"]
[Site "Montreal"]
[Date "2008.07.22"]
[Round "4"]
[White "Sambuev, Bator"]
[Black "Castaneda, Nelson"]
[Result "1-0"]
[WhiteElo "2496"]
[BlackElo "2314"]
[PlyCount "105"]
[EventDate "2008.07.19"]
[EventType "swiss"]
[EventRounds "9"]
[EventCountry "CAN"]
[SourceTitle "CBM 125 Extra"]
[Source "ChessBase"]
[SourceDate "2008.09.01"]
[SourceVersion "1"]
[SourceVersionDate "2008.09.01"]
[SourceQuality "1"]

1. Nf3 Nf6 2. c4 g6 3. Nc3 Bg7 4. e4 d6 5. d4 0-0 6. Be2 e5 7. 0-0 Nc6 8. d5 Ne7 9. Ne1 Nd7 10. Be3 f5 11. f3 f4 12. Bf2 g5 13. Rc1 a6 14. Nd3 Rf6 15. c5 Rh6 16. Qb3 Nf6 17. cxd6 cxd6 18. Bb6 Qe8 19. Nf2 Rh4 20. g3 Rh6 21. g4 Nd7 22. Na4 Rf6 23. Rc7 Qg6 24. Rfc1 Qh6 25. R1c3 Qh4 26. Qc2 Rf8 27. Nd3 Qh6 28. Bf2 Qf6 29. Nb6 Nxb6 30. Bxb6 h5 31. h3 hxg4 32. hxg4 Kf7 33. Nf2 Rh8 34. Qa4 Qh6 35. Qb4 Bf8 36. Kf1 Qf6 37. Bd1 Kg6 38. Ba4 Rh7 39. Ke2 Rh2 40. Be8+ Kh6 41. Qa4 a5 42. Bb5 Kg7 43. Qc2 Qh6 44. Rxc8 Nxc8 45. Rxc8 Rxc8 46. Qxc8 Qh3 47. Qf5 Qh6 48. Be8 Qf6 49. Bh5 Qxf5 50. exf5 Kf6 51. Kf1 a4 52. Kg1 Rxf2 53. Bd8+ 1-0

[Event "US Open-105"]
[Site "Fort Lauderdale"]
[Date "2004.08.13"]
[Round "7"]
[White "Nakamura, Hikaru"]
[Black "Castaneda, Nelson"]
[Result "1-0"]
[WhiteElo "2601"]
[BlackElo "2288"]
[PlyCount "69"]
[EventDate "2004.08.07"]
[EventType "swiss"]
[EventRounds "9"]
[EventCountry "USA"]
[SourceTitle "CBM 101 Extra"]
[Source "ChessBase"]
[SourceDate "2004.09.01"]
[SourceVersion "2"]
[SourceVersionDate "2004.09.01"]
[SourceQuality "1"]

1. c4 Nf6 2. Nc3 e6 3. e4 d5 4. e5 Nfd7 5. d4 dxc4 6. Nf3 Nb6 7. Be3 Be7 8. Nd2 f5 9. Nxc4 Nd5 10. Be2 0-0 11. 0-0 b6 12. Nxd5 exd5 13. Na3 Bb7 14. Nb5 Qd7 15. Rc1 Nc6 16. Nc3 Nd8 17. f4 Ne6 18. a3 a6 19. b4 c6 20. g4 g6 21. gxf5 gxf5 22. Rf3 Kh8 23. Bd3 Rf7 24. Rh3 Rg8+ 25. Kh1 c5 26. Qh5 Nd8 27. Ne2 c4 28. Bb1 Bc8 29. Ng3 Bf8 30. Re1 h6 31. Qf3 Qe6 32. Rh5 Qg6 33. Rg1 Qh7 34. Qf1 Be6 35. Qh3 1-0

[Event "Vermont CCA/ICC op"]
[Site "Stratton Mountain"]
[Date "2004.06.10"]
[Round "5"]
[White "Castaneda, Nelson"]
[Black "Reichstein, Boris"]
[Result "1-0"]
[WhiteElo "2288"]
[BlackElo "2211"]
[PlyCount "113"]
[EventDate "2004.06.08"]
[EventType "swiss"]
[EventRounds "10"]
[EventCountry "USA"]
[SourceTitle "CBM 100 Extra"]
[Source "ChessBase"]
[SourceDate "2004.07.06"]
[SourceVersion "2"]
[SourceVersionDate "2004.07.06"]
[SourceQuality "1"]

1. d4 Nf6 2. c4 e6 3. Nc3 Bb4 4. Qc2 c5 5. Nf3 0-0 6. a3 Bxc3+ 7. Qxc3 cxd4 8. Nxd4 d5 9. e3 Re8 10. cxd5 Nxd5 11. Qc2 e5 12. Nb3 Nc6 13. Bb5 Bd7 14. 0-0 Rc8 15. Qd1 Nce7 16. Bxd7 Qxd7 17. e4 Nf6 18. Qxd7 Nxd7 19. Be3 b6 20. f3 Rc2 21. Rf2 Rec8 22. Rd1 Nf8 23. Rdd2 R2c7 24. Rfe2 f6 25. Kf2 Kf7 26. g3 Rd7 27. Na1 Rcc7 28. Nc2 Rxd2 29. Rxd2 Rd7 30. Ke2 Ke6 31. a4 Nc6 32. Rxd7 Kxd7 33. Kd3 Ne6 34. b4 Nc7 35. Kc4 Ne7 36. b5 Nc8 37. Nb4 Nd6+ 38. Kd3 Nc8 39. f4 Kd6 40. Kc4 Ke6 41. Nc6 Ne8 42. f5+ Kd7 43. g4 Ncd6+ 44. Kd3 Nc8 45. h4 Kc7 46. Nb4 h6 47. g5 hxg5 48. hxg5 Ncd6 49. Bd2 Nb7 50. Na6+ Kd7 51. g6 Ned6 52. Bb4 Nd8 53. Ba3 N8b7 54. Nb8+ Kc7 55. Nc6 Nc5+ 56. Bxc5 bxc5 57. Nxe5 1-0

[Event "Internet Section 07A g/8'+2\""]
[Site "Dos Hermanas"]
[Date "2004.03.07"]
[Round "4"]
[White "Radulski, Julian"]
[Black "Castaneda, Nelson"]
[Result "1/2-1/2"]
[WhiteElo "2475"]
[BlackElo "2288"]
[PlyCount "152"]
[EventDate "2004.03.07"]
[EventType "swiss (blitz)"]
[EventRounds "9"]
[EventCountry "ESP"]
[SourceTitle "CBM 099 Extra"]
[Source "ChessBase"]
[SourceDate "2004.05.04"]
[SourceVersion "1"]
[SourceVersionDate "2004.05.04"]
[SourceQuality "1"]

1. e4 e5 2. Nf3 Nc6 3. Nc3 Nf6 4. g3 g6 5. Bg2 Bg7 6. 0-0 0-0 7. Re1 d6 8. h3 Re8 9. Kh2 Nd4 10. d3 c6 11. Nxd4 exd4 12. Ne2 d5 13. Nxd4 dxe4 14. dxe4 Nxe4 15. Be3 Nd6 16. c3 Nc4 17. Bc1 Rxe1 18. Qxe1 Bd7 19. b3 Nb6 20. Bb2 Qf6 21. f4 Re8 22. Qf2 h5 23. Nf3 Bf5 24. Re1 Rxe1 25. Qxe1 Qe6 26. Qf2 Qd6 27. c4 Bxb2 28. c5 Qf6 29. cxb6 axb6 30. Qxb6 Qe7 31. Qf2 Bf6 32. Qd2 Be4 33. Ne1 Bb1 34. Bf3 Qa3 35. Bd1 Qc5 36. Ng2 Be4 37. Qe3 Qxe3 38. Nxe3 Bd4 39. Nc4 Bb1 40. a4 Kf8 41. Na5 Ke7 42. Nxb7 Kd7 43. Na5 Kd6 44. Nc4+ Kc5 45. h4 Bd3 46. Ne5 Bxe5 47. fxe5 Kd5 48. Bf3+ Kc5 49. Bd1 Kd4 50. g4 hxg4 51. Bxg4 Kxe5 52. b4 Kd4 53. a5 Bb5 54. Bd7 Kc4 55. Be8 Kxb4 56. Bxf7 Bd3 57. a6 Bxa6 58. Bxg6 Be2 59. Kg3 c5 60. Kf4 c4 61. Ke3 Bd1 62. Kd2 Bg4 63. Bc2 c3+ 64. Ke3 Bh5 65. Kd4 Bg4 66. Ke3 Ka3 67. Kf4 Bh5 68. Ke3 Kb2 69. Be4 Bd1 70. Kf4 Bc2 71. Bc6 Bd3 72. Ba4 Be2 73. Ke3 Bh5 74. Kd4 Bg4 75. Kc4 Bh5 76. Kd4 Bg4 1/2-1/2

[Event "Internet Section 06B g/8'+2\""]
[Site "Dos Hermanas"]
[Date "2004.03.06"]
[Round "6"]
[White "Castaneda, Nelson"]
[Black "Julia, Ernesto"]
[Result "0-1"]
[WhiteElo "2288"]
[BlackElo "2387"]
[PlyCount "122"]
[EventDate "2004.03.06"]
[EventType "swiss (blitz)"]
[EventRounds "9"]
[EventCountry "ESP"]
[SourceTitle "CBM 099 Extra"]
[Source "ChessBase"]
[SourceDate "2004.05.04"]
[SourceVersion "1"]
[SourceVersionDate "2004.05.04"]
[SourceQuality "1"]

1. d4 Nf6 2. c4 e6 3. Nf3 Bb4+ 4. Bd2 Qe7 5. e3 b6 6. Bd3 Bb7 7. 0-0 0-0 8. Nc3 Bxc3 9. Bxc3 Ne4 10. Bxe4 Bxe4 11. d5 Bg6 12. Ne5 d6 13. Nxg6 hxg6 14. Qd4 e5 15. Qg4 Nd7 16. f4 exf4 17. exf4 Nf6 18. Qg5 Qe3+ 19. Kh1 Ne4 20. Qh4 Nxc3 21. Rf3 Qd2 22. bxc3 Rae8 23. Raf1 Re2 24. Rh3 f6 25. Qh7+ Kf7 26. Rg3 Qc2 27. f5 Qxf5 28. Rgf3 Qg5 29. Rxf6+ Qxf6 30. Rxf6+ Kxf6 31. Qh4+ Kf7 32. h3 Re5 33. Qg4 Rfe8 34. a4 a5 35. Qf4+ Rf5 36. Qd2 Re4 37. Kh2 Kg8 38. Qd3 Ree5 39. Qd4 Kf7 40. Qh4 Re7 41. Qg4 Rf2 42. h4 Rf5 43. Qd4 Re2 44. Qg4 Rfe5 45. Qf4+ Kg8 46. Qg4 Kh7 47. Qd7 Re7 48. Qg4 R2e4 49. Qg5 R7e5 50. Qd8 Rxc4 51. g3 Rxc3 52. Kh3 Ree3 53. Qg5 Rf3 54. Qg4 Rcd3 55. h5 Rxg3+ 56. Qxg3 Rxg3+ 57. Kxg3 gxh5 58. Kh4 Kh6 59. Kg3 g5 60. Kh3 Kg6 61. Kg3 Kf6 0-1